000
00339nam a2200145Ia 4500
005
20250406063909.0
008
240331s9999 xx 000 0 und d
082
_b
SEN
_a
894
100
_a
Sengaiaaliyan, K
245
0
_a
Akkini
260
_a
Jaffna
_b
David Ligory
_c
1991
300
_a
134 p .,
500
_a
A Contemporary Novel
942
_c
L
999
_c
3982
_d
3982